MARC

LEADER 00000nam0a2200000 4500
001 363736
005 20231102011623.0
035 |a (RuTPU)RU\TPU\retro\21083 
090 |a 363736 
100 |a 20211010d1980 m y0rusy50 ca 
101 0 |a rus 
102 |a RU 
105 |a a j 001zy 
200 1 |a Техническая механика пластических деформаций  |e учебное пособие  |f Ю. П. Катаев  |g Казанский авиационный институт им. А. Н. Туполева 
210 |a Казань  |c [Б. и.]  |d 1980 
215 |a 77 с.  |c ил. 
320 |a Библиогр.: с. 76-77 
606 1 |a Металлы  |x Деформация пластическая  |2 stltpush  |3 (RuTPU)RU\TPU\subj\43203  |9 62755 
610 1 |a техническая механика 
610 1 |a истинные напряжения 
610 1 |a условные напряжения 
610 1 |a напряженное состояние 
610 1 |a деформированное состояние 
610 1 |a тензоры 
610 1 |a компоненты 
610 1 |a зависимость 
610 1 |a уравнения равновесия 
610 1 |a внутренние силы 
610 1 |a энергия 
610 1 |a минимум 
610 1 |a учебные пособия 
675 |a 621.73.011:539.374(075.8)  |v 4 
700 1 |a Катаев  |b Ю. П.  |g Юрий Павлович 
712 0 2 |a Казанский авиационный институт им. А. Н. Туполева  |c (1932-1992)  |2 stltpush  |3 (RuTPU)RU\TPU\col\10046  |9 24786 
801 1 |a RU  |b 63413507  |c 20211010 
942 |c BK